| Tag |
First Indicator |
Second Indicator |
Subfields |
| LEADER |
00000cam a2200000La 4500 |
| 001 |
in00003850488 |
| 005 |
20190415182000.0 |
| 006 |
m o d |
| 007 |
cr |n||||||||n |
| 008 |
940718s1869 enk o 000 0 eng d |
| 035 |
|
|
|a (MiFhGG)MOMW204509
|
| 035 |
|
|
|a (OCoLC)797291056
|
| 040 |
|
|
|a TGPSM
|c UtOrBLW
|d UtOrBLW
|
| 043 |
|
|
|a n-usu--
|a e-uk---
|a n-us---
|
| 245 |
0 |
0 |
|a Messrs. Laird Brothers and the Alabama :
|b to the Editor of the "Times".
|
| 264 |
|
1 |
|a Liverpool ;
|a Birkenhead :
|b Harbord, Johnston and Hiles, printers,
|c [1869]
|
| 300 |
|
|
|a 1 online resource (8 pages).
|
| 336 |
|
|
|a text
|b txt
|2 rdacontent
|
| 337 |
|
|
|a computer
|b c
|2 rdamedia
|
| 338 |
|
|
|a online resource
|b cr
|2 rdacarrier
|
| 490 |
1 |
|
|a The making of the modern world. Part 2 (1851-1914)
|
| 500 |
|
|
|a Reproduction from the The Goldsmiths' Library of Economic Literature, Senate House Library, University of London.
|
| 500 |
|
|
|a "Laird Bros. Birkenhead Ironworks, Birkenhead, 25th May, 1869"--P. 6.
|
| 500 |
|
|
|a Cover title.
|
| 500 |
|
|
|a Electronic resource.
|
| 610 |
2 |
0 |
|a Laird Brothers.
|
| 610 |
2 |
0 |
|a Alabama (Screw sloop)
|0 http://id.loc.gov/authorities/names/n79042242
|
| 651 |
|
0 |
|a Great Britain
|x Foreign relations
|z Confederate States of America.
|
| 651 |
|
0 |
|a United States
|x History
|y Civil War, 1861-1865
|x Naval operations.
|0 http://id.loc.gov/authorities/subjects/sh85140251
|
| 651 |
|
0 |
|a Confederate States of America
|x History, Naval.
|0 http://id.loc.gov/authorities/subjects/sh85030851
|
| 651 |
|
0 |
|a Confederate States of America
|x Foreign relations
|z Great Britain.
|
| 655 |
|
7 |
|a Electronic books.
|2 local
|
| 710 |
2 |
|
|a Gale (Firm)
|0 http://id.loc.gov/authorities/names/no2008071348
|
| 710 |
2 |
|
|a Laird Brothers.
|
| 830 |
|
0 |
|a Making of the modern world. Part 2 (1851-1914)
|
| 856 |
4 |
0 |
|u http://proxy.library.tamu.edu/login?url=http://find.galegroup.com/openurl/openurl?url_ver=Z39.88-2004&url_ctx_fmt=info:ofi/fmt:kev:mtx:ctx&res_id=info:sid/gale:MOME&ctx_enc=info:ofi:enc:UTF-8&rft_val_fmt=info:ofi/fmt:kev:mtx:unknown&rft.artnum=U112863293&req_dat=info:sid/gale:ugnid:txshracd2898
|z Connect to the full text of this electronic book
|t 0
|
| 999 |
f |
f |
|s ece65633-3dcd-38d8-93e1-5e0b48dfbb3a
|i 21ca3403-31a7-3584-83bc-9fc7c30c4a8d
|t 0
|
| 952 |
f |
f |
|a Texas A&M University
|b College Station
|c Electronic Resources
|d Available Online
|t 0
|h No information provided
|
| 998 |
f |
f |
|t 0
|l Available Online
|